Mengenal tuhan

Bibliographic Details
Main Author: Bey Arifin
Corporate Author: Title
Format: Book
Published: Kuala Lumpur : Pustaka Jiwa , 2001
Subjects:

MARC

LEADER 00000cam a2200000 7i4500
001 0000013034
005 20080107.0
008 080107
020 |a 9839395203 
090 0 0 |a 297.211   |b BEY 
100 0 |a Bey Arifin 
245 1 0 |a Mengenal tuhan   |c Bey Arifin 
260 |a Kuala Lumpur :   |b Pustaka Jiwa ,   |c 2001 
650 0 |a God (Islam) 
650 0 |a Islam   |x Doctries 
710 0 |a Title 
999 |a 0000053311   |b Book   |c Adult Collection   |e Cawangan Muar 
999 |a 0000081621   |b Book   |c Adult Collection   |e Cawangan Muar 
999 |a 0001009837   |b Book   |c Adult Collection   |e Perbadanan Perpustakaan Awam Johor